000 00871nam a2200205Ia 4500
003 GCL
005 20240530102136.0
008 140319s9999 xx 000 0 ara d
040 _aGCL /
_cGCL
082 0 4 _a224.2/
_bق ت
100 1 _aابن قتيبة الدينورى : ابو محمد عبد الله بن مسلم
245 1 0 _aتاويل مشكل القران /
_cابن قتيبة ؛اعداد ودراسة عمر محمد سعيد عبدالعزيز ؛ اشراف ومراجعة عبدالصبور شاهين
260 _aالقاهرة :
_bمركز الاهرام للترجمة والنشر ،
_c1989
300 _a705 ص ؛
_c22 سم
650 0 4 _aالقران - الفاظ
650 0 4 _aالقران
700 0 _aعمر محمد سعيد عبدالعزيز
_eمعد
700 0 _aعبدالصبور شاهين
_eمشرف ومعد
942 _2ddc
_cBK
999 _c30078
_d30078